Blackie's dictionary of chemistry / (Record no. 147639)

MARC details
000 -LEADER
fixed length control field 00675nam a22001817a 4500
005 - DATE AND TIME OF LATEST TRANSACTION
control field 20171122125315.0
010 ## - LCCN (DPL NO)
LC control number ENG-121546
020 ## - INTERNATIONAL STANDARD BOOK NUMBER
International Standard Book Number 9788121941518
Terms of availability 195.00
035 ## - SYSTEM CONTROL NUMBER
System control number EN-105078
037 ## - SOURCE OF ACQUISITION
Source of stock number/acquisition DBAD/PUB
082 ## - DEWEY DECIMAL CLASSIFICATION NUMBER
Classification number 540.3
245 ## - TITLE STATEMENT
Title Blackie's dictionary of chemistry /
260 ## - PUBLICATION, DISTRIBUTION, ETC. (IMPRINT)
Place of publication, distribution, etc Mumbai
Name of publisher, distributor, etc Blackie & Son
Date of publication, distribution, etc 201?
270 ## - ADDRESS
Address Blackie House. 103/5, Walchand Hirachand Marg, Opp. G.P.O.,
City Mumbai
Postal code 400001
300 ## - PHYSICAL DESCRIPTION
Extent x,245p. :
Dimensions 23cm (Pbk)
Other physical details ill.
505 ## - FORMATTED CONTENTS NOTE
Formatted contents note Includes an expanded definition of chemical entities provides precise technical data for chemical substances and phenomena more than 4000 entries
942 ## - ADDED ENTRY ELEMENTS (KOHA)
Source of classification or shelving scheme Dewey Decimal Classification
Item type English Books
Classification part 540.3
Call number suffix BLA
Holdings
Withdrawn status Lost status Not for loan Collection code Home library Current library Date acquired Source of acquisition Cost, normal purchase price Full call number Barcode Copy number Cost, replacement price Koha item type
    Not For Loan Non-fiction D.B.Act.Division Bawana 22/11/2017 DBAD/PUB 195.00 540.3 BLA EN-105078 1 195.00 English Books

© Delhi Public Library
Hit Counter
free hit counter